000 00283nam a2200121Ia 4500
008 230627s9999 xx 000 0 und d
041 _aeng
082 _a343.0535
_bJOS
100 _aJoshi.K.C
245 _aThe Gibt Tax Act
260 _bAllahabad Law Agency
_c1979
300 _a42p
999 _c681229
_d681229